000 00647nam a2200217Ia 4500
003 OSt
005 20230425124830.0
008 210423s2011 xx 000 0 und d
020 _a8124201706
040 _cAL
041 _aeng
082 _a658.15
_223
_bKEFB
100 _aKEFFORD (Bryan).
_992624
245 _aArt and science of financial management: financial modelling for business decisions V2.
260 _aNew Delhi
_bCrest Publishing House
_c2011
300 _axi,189
_bPB
365 _b1142
_cINR
440 _v2
906 _aArt ; business ; decisions ; financial ; management: ; modelling ; science ; V2.
942 _2ddc
_cBK
999 _c161023
_d161023